Formas de Estados de México #3 - Estadísticas

Estadísticas generales
  • Esta prueba ha sido intentada 69 veces
  • La puntuación promedio es 7 de 9
Estadísticas de respuestas
Imagen Respuesta % Correcto
Veracruz de Ignacio de la Llave
94%
Sonora
88%
San Luis Potosí
80%
Colima
78%
Tamaulipas
78%
Coahuila de Zaragoza
73%
Quintana Roo
63%
Querétaro
61%
Hidalgo
59%
No se encontraron pruebas coincidentes
Distribución de puntuación
Porcentaje de gente con cada puntuación
Porcentaje por número respondido
Historial de tus puntuaciones
No has intentado esta prueba.